日比谷線の平日運用(北千住方面の行先穴埋め) - Statistics

General Stats
  • This quiz has been taken 6 times
  • The average score is 108 of 301
Answer Stats
運用番号 始発 行先 % Correct
34S 南千住05:02 北千住
100%
36S 南千住05:09 北越谷
67%
58S 霞ケ関05:00 南栗橋
67%
31T 南千住05:34 北千住
67%
66S 中目黒05:00 北越谷
67%
68S 中目黒05:12 北越谷
67%
40S 南千住06:02 北千住
67%
70S 中目黒05:22 南栗橋
67%
56S 中目黒05:33 北越谷
67%
44S 南千住06:20 北千住
67%
46S 南千住06:25 北越谷
67%
60S 中目黒05:45 北千住
67%
50S 中目黒05:52 南栗橋
67%
33T 南千住06:40 北千住
67%
62S 中目黒06:00 北越谷
67%
48S 南千住06:46 北越谷
67%
34S 中目黒06:07 北越谷
67%
01T 中目黒06:12 北千住
67%
64S 中目黒06:18 北越谷
67%
02S 中目黒06:24 北越谷
67%
63S 中目黒06:29 北千住
67%
03T 中目黒06:33 北越谷
67%
61S 中目黒06:38 北千住
67%
05T 中目黒06:41 草加
33%
31T 中目黒06:45 北千住
33%
52S 中目黒06:48 北越谷
33%
72S 中目黒06:51 北千住
33%
38S 中目黒06:55 北越谷
33%
07T 中目黒06:58 北千住
33%
42S 中目黒07:02 北千住
33%
40S 中目黒07:05 北越谷
33%
41T 中目黒07:08 北千住
33%
06S 中目黒07:11 草加
33%
09T 中目黒07:15 北千住
33%
11T 中目黒07:18 北越谷
33%
08S 中目黒07:22 北千住
33%
44S 中目黒07:26 北千住
33%
36S 中目黒07:29 北越谷
33%
10S 中目黒07:32 北千住
33%
60S 中目黒07:35 草加
33%
13T 中目黒07:38 北千住
33%
12S 中目黒07:41 北千住
33%
33T 中目黒07:44 北越谷
33%
15T 中目黒07:48 北千住
33%
16S 中目黒07:51 北越谷
33%
43T 中目黒07:55 北千住
33%
54S 中目黒07:57 北越谷
33%
66S 中目黒08:00 北千住
33%
01T 中目黒08:03 北越谷
33%
20S 中目黒08:06 北千住
33%
74S 中目黒08:08 竹ノ塚
33%
04S 中目黒08:11 北越谷
33%
22S 中目黒08:14 南千住
33%
68S 中目黒08:17 竹ノ塚
33%
63S 中目黒08:19 北千住
33%
17T 中目黒08:22 北越谷
33%
24S 中目黒08:24 竹ノ塚
33%
61S 中目黒08:27 南千住
33%
19T 中目黒08:30 北千住
33%
21T 中目黒08:33 北越谷
33%
31T 中目黒08:36 北千住
33%
26S 中目黒08:38 東武動物公園
33%
56S 中目黒08:41 北千住
33%
14S 中目黒08:44 北越谷
33%
46S 中目黒08:46 竹ノ塚
33%
07T 中目黒08:49 東武動物公園
33%
30S 中目黒08:52 南千住
33%
18S 中目黒08:54 北越谷
33%
42S 中目黒08:57 北千住
33%
23T 中目黒08:59 竹ノ塚
33%
62S 中目黒09:02 東武動物公園
33%
41T 中目黒09:04 北越谷
33%
25T 中目黒09:06 北千住
33%
09T 中目黒09:09 北越谷
33%
48S 中目黒09:11 東武動物公園
33%
05T 中目黒09:13 北千住
33%
08S 中目黒09:16 竹ノ塚
33%
34S 中目黒09:18 南千住
33%
44S 中目黒09:22 北千住
33%
64S 中目黒09:24 北春日部
33%
10S 中目黒09:26 北越谷
33%
28S 中目黒09:29 南千住
33%
03T 中目黒09:32 東武動物公園
33%
13T 中目黒09:34 北千住
33%
58S 中目黒09:37 南千住
33%
12S 中目黒09:39 竹ノ塚
33%
27T 中目黒09:42 東武動物公園
33%
06S 中目黒09:44 北千住
33%
15T 中目黒09:47 北千住
33%
52S 中目黒09:50 南千住
33%
43T 中目黒09:52 北春日部
33%
38S 中目黒09:55 南千住
33%
45T 中目黒09:57 竹ノ塚
33%
66S 中目黒10:00 北千住
33%
70S 中目黒10:03 東武動物公園
33%
40S 中目黒10:06 竹ノ塚
33%
20S 中目黒10:09 東武動物公園
33%
63S 中目黒10:13 南千住
33%
11T 中目黒10:17 北千住
33%
19T 中目黒10:21 北春日部
33%
50S 中目黒10:25 南千住
33%
31T 中目黒10:28 北千住
33%
36S 中目黒10:32 東武動物公園
33%
74S 中目黒10:36 北千住
33%
33T 中目黒10:41 東武動物公園
33%
42S 中目黒10:47 北千住
33%
54S 中目黒10:52 北春日部
33%
25T 中目黒10:57 北千住
33%
01T 中目黒11:02 東武動物公園
33%
05T 中目黒11:07 北千住
33%
04S 中目黒11:12 東武動物公園
33%
44S 中目黒11:17 北千住
33%
17T 中目黒11:22 北春日部
33%
13T 中目黒11:27 北千住
33%
21T 中目黒11:32 東武動物公園
33%
06S 中目黒11:37 北千住
33%
29T 中目黒11:42 東武動物公園
33%
15T 中目黒11:47 北千住
33%
14S 中目黒11:52 北春日部
33%
66S 中目黒11:57 北千住
33%
18S 中目黒12:02 東武動物公園
33%
11T 中目黒12:07 北千住
33%
41T 中目黒12:12 東武動物公園
33%
31T 中目黒12:17 北千住
33%
09T 中目黒12:22 北春日部
33%
74S 中目黒12:27 北千住
33%
10S 中目黒12:32 東武動物公園
33%
42S 中目黒12:37 北千住
33%
26S 中目黒12:42 東武動物公園
33%
25T 中目黒12:47 北千住
33%
62S 中目黒12:52 北春日部
33%
05T 中目黒12:57 北千住
33%
64S 中目黒13:02 東武動物公園
33%
44S 中目黒13:07 北千住
33%
48S 中目黒13:12 東武動物公園
33%
13T 中目黒13:17 北千住
33%
03T 中目黒13:22 北春日部
33%
06S 中目黒13:27 北千住
33%
07T 中目黒13:32 東武動物公園
33%
15T 中目黒13:37 北千住
33%
27T 中目黒13:42 東武動物公園
33%
66S 中目黒13:47 北千住
33%
70S 中目黒13:52 南栗橋
33%
11T 中目黒13:57 北千住
33%
19T 中目黒14:02 東武動物公園
33%
31T 中目黒14:07 北千住
33%
20S 中目黒14:12 東武動物公園
33%
74S 中目黒14:17 北千住
33%
36S 中目黒14:22 北春日部
33%
42S 中目黒14:27 北千住
33%
54S 中目黒14:32 南栗橋
33%
25T 中目黒14:37 北千住
33%
33T 中目黒14:42 東武動物公園
33%
05T 中目黒14:47 北千住
33%
01T 中目黒14:52 北春日部
33%
44S 中目黒14:57 北千住
33%
45T 中目黒15:02 東武動物公園
33%
13T 中目黒15:07 北千住
33%
04S 中目黒15:12 北春日部
33%
06S 中目黒15:17 北千住
33%
21T 中目黒15:22 東武動物公園
33%
15T 中目黒15:27 北千住
33%
14S 中目黒15:31 東武動物公園
33%
66S 中目黒15:37 北千住
33%
29T 中目黒15:42 東武動物公園
33%
11T 中目黒15:46 竹ノ塚
33%
18S 中目黒15:51 南栗橋
33%
31T 中目黒15:55 北千住
33%
09T 中目黒16:00 東武動物公園
33%
74S 中目黒16:04 竹ノ塚
33%
41T 中目黒16:08 北千住
33%
38S 南千住16:55 北千住
33%
22S 中目黒16:13 北越谷
33%
42S 中目黒16:17 草加
33%
10S 中目黒16:21 北千住
33%
16S 中目黒16:25 北越谷
33%
62S 中目黒16:28 北千住
33%
25T 中目黒16:32 南栗橋
33%
68S 中目黒16:36 北千住
33%
26S 中目黒16:39 草加
33%
60S 中目黒16:42 北千住
33%
05T 中目黒16:44 北越谷
33%
43T 霞ケ関17:02 久喜
33%
64S 中目黒16:47 北越谷
33%
44S 中目黒16:50 北千住
33%
28S 中目黒16:54 草加
33%
32S 中目黒16:57 北千住
33%
03T 中目黒16:59 北越谷
33%
13T 中目黒17:02 北千住
33%
34S 中目黒17:05 草加
33%
06S 中目黒17:08 北越谷
33%
48S 中目黒17:10 北千住
33%
15T 中目黒17:13 南栗橋
33%
24S 中目黒17:16 竹ノ塚
33%
07T 中目黒17:18 北越谷
33%
58S 中目黒17:20 北千住
33%
72S 中目黒17:23 北越谷
33%
66S 中目黒17:25 北千住
33%
46S 中目黒17:28 南栗橋
33%
30S 中目黒17:30 北千住
33%
17T 中目黒17:33 北春日部
33%
52S 中目黒17:35 草加
33%
27T 中目黒17:37 北千住
33%
31T 中目黒17:39 北越谷
33%
02S 中目黒17:42 北千住
33%
23T 中目黒17:45 北越谷
33%
47T 霞ケ関18:02 久喜
33%
19T 中目黒17:48 北越谷
33%
50S 中目黒17:51 竹ノ塚
33%
12S 中目黒17:54 北越谷
33%
41T 中目黒17:57 北千住
33%
36S 中目黒17:59 竹ノ塚
33%
56S 中目黒18:02 北越谷
33%
08S 中目黒18:05 北越谷
33%
38S 中目黒18:08 竹ノ塚
33%
20S 中目黒18:12 東武動物公園
33%
11T 中目黒18:15 北千住
33%
10S 中目黒18:19 北越谷
33%
70S 中目黒18:22 北越谷
33%
62S 中目黒18:25 北越谷
33%
68S 中目黒18:28 北千住
33%
01T 中目黒18:31 東武動物公園
33%
60S 中目黒18:34 北千住
33%
74S 中目黒18:37 北越谷
33%
33T 中目黒18:39 北千住
33%
44S 中目黒18:42 竹ノ塚
33%
42S 中目黒18:44 北越谷
33%
45T 霞ケ関19:02 久喜
33%
04S 中目黒18:49 北越谷
33%
32S 中目黒18:52 竹ノ塚
33%
54S 中目黒18:55 北千住
33%
13T 中目黒18:57 北春日部
33%
26S 中目黒19:00 北千住
33%
48S 中目黒19:04 竹ノ塚
33%
21T 中目黒19:07 北春日部
33%
58S 中目黒19:10 北千住
33%
66S 中目黒19:14 北越谷
33%
14S 中目黒19:17 竹ノ塚
33%
28S 中目黒19:21 東武動物公園
33%
30S 中目黒19:24 竹ノ塚
33%
16S 中目黒19:28 北越谷
33%
27T 中目黒19:32 北千住
33%
34S 中目黒19:36 竹ノ塚
33%
02S 中目黒19:40 北越谷
33%
05T 中目黒19:44 北千住
33%
41T 霞ケ関20:02 久喜
33%
29T 中目黒19:49 北越谷
33%
64S 中目黒19:52 竹ノ塚
33%
09T 中目黒19:56 北越谷
33%
52S 中目黒20:00 竹ノ塚
33%
11T 中目黒20:04 北越谷
33%
03T 中目黒20:08 北千住
33%
06S 中目黒20:12 北越谷
33%
36S 中目黒20:16 北千住
33%
68S 中目黒20:20 南栗橋
33%
18S 中目黒20:25 北千住
33%
07T 中目黒20:28 竹ノ塚
33%
33T 中目黒20:32 北越谷
33%
72S 中目黒20:36 北越谷
33%
60S 中目黒20:40 北千住
33%
23T 中目黒20:44 北越谷
33%
43T 霞ケ関21:02 久喜
33%
54S 中目黒20:49 北越谷
33%
31T 中目黒20:53 北千住
33%
26S 中目黒20:58 竹ノ塚
33%
58S 中目黒21:02 北千住
33%
56S 中目黒21:06 北越谷
33%
25T 中目黒21:10 竹ノ塚
33%
08S 中目黒21:14 北千住
33%
27T 中目黒21:19 北春日部
33%
48S 中目黒21:23 北千住
33%
10S 中目黒21:28 北越谷
33%
74S 中目黒21:33 北越谷
33%
05T 中目黒21:38 北千住
33%
42S 中目黒21:42 竹ノ塚
33%
62S 中目黒21:47 北千住
33%
46S 中目黒21:52 北越谷
33%
30S 中目黒21:57 北千住
33%
04S 中目黒22:02 北越谷
33%
03T 中目黒22:07 竹ノ塚
33%
34S 中目黒22:12 北千住
33%
15T 中目黒22:17 北越谷
33%
18S 中目黒22:22 北千住
33%
20S 中目黒22:27 北越谷
33%
60S 中目黒22:32 北千住
33%
45T 中目黒22:37 東武動物公園
33%
31T 中目黒22:42 北千住
33%
29T 中目黒22:47 北越谷
33%
58S 中目黒22:51 北千住
33%
13T 中目黒22:56 北越谷
33%
08S 中目黒23:01 北千住
33%
09T 中目黒23:07 北春日部
33%
11T 中目黒23:14 北越谷
33%
28S 中目黒23:20 北千住
33%
05T 中目黒23:27 北春日部
33%
72S 中目黒23:33 北千住
33%
23T 中目黒23:40 北越谷
33%
25T 中目黒23:46 竹ノ塚
33%
56S 中目黒24:01 広尾
33%
18S 中目黒24:14 広尾
33%
10S 中目黒24:28 広尾
33%
No matching quizzes found
Score Distribution
Percent of People with Each Score
Percentile by Number Answered
Your Score History
You have not taken this quiz